Statistics for AIRDOが就航している路線

Click here to take the quiz!

General Stats

  • This quiz has been taken 58 times
  • The average score is 20 of 22

Answer Stats

% Correct
羽田旭川
98%
新千歳福岡
98%
羽田函館
96%
函館中部
96%
中部函館
96%
羽田女満別
96%
新千歳仙台
96%
羽田帯広
94%
新千歳羽田
94%
函館羽田
94%
釧路羽田
94%
女満別羽田
94%
旭川羽田
94%
帯広羽田
94%
羽田釧路
92%
中部新千歳
90%
神戸新千歳
90%
羽田新千歳
90%
仙台新千歳
90%
新千歳神戸
90%
福岡新千歳
90%
新千歳名古屋
54%

Score Distribution

Percentile by Number Answered

Percent of People with Each Score

Your Score History

You have not taken this quiz